Peribadi seorang pemimpin excelent : Kursus Kepimpinan dan Motivasi [

Bibliographic Details
Main Author: Hassan Ali
Corporate Authors: Institut Penilaian Negara, INTAN
Format: Book
Published: Kuala Lumpur : INTAN , 1986
Subjects:

MARC

LEADER 00000cam a2200000 7i4500
001 0000004791
005 20111021.0
040 |a INS 
090 0 0 |a VCD 440 
100 0 |a Hassan Ali 
245 0 0 |a Peribadi seorang pemimpin excelent :   |b Kursus Kepimpinan dan Motivasi [  |h cakera video]   |c oleh Dr. Haji Hassan Haji Ali :   |b 8 - 12 Disember 1986 
260 |a Kuala Lumpur :   |b INTAN ,   |c 1986 
300 |a 2 cakera video (154 min.) :   |b by., wrn. ;   |c 4 3/4 in. 
500 |a Juga terdapat dalam format vhs : VHS 73 
650 0 |a Leadership 
710 1 |a Institut Penilaian Negara 
710 1 |a INTAN 
999 |a VCD0000440   |b VIDEO CD   |c Media Collection   |e Default branch